000 00837cab a22002415a 4500
001 L157700
008 130318e20130316xxk 000 0 eng d
035 _a(Sirsi) u157700
041 0 _aeng
100 1 _aKeeping, Miles
245 0 0 _aFocus
_bGreen
260 _c2013
490 _aEstates Gazette
_v(1311) 16 March 2013, 59-71(10)
520 _aIncludes predictions on how the government's green agenda will affect the commercial property sector; how the application of minimum energy performance standards will affect the property industry and the latest developments for the UK onshore turbine business.
590 _aKA
651 4 _aUnited Kingdom
690 _aEnvironment
_96238
690 _aSustainability
_96271
690 _aEnergy
_96237
700 1 _aCooper, Andrew
700 1 _aThame, David
942 _n0
999 _c84437
_d84437